| 000 | 00982nam a22001937a 4500 | ||
|---|---|---|---|
| 999 |
_c60863 _d60863 |
||
| 005 | 20231113102920.0 | ||
| 008 | 231113s1968 ru ||||| |||| 00| 0 rus d | ||
| 041 | _arus | ||
| 080 | _a94(479.22-21) +394.014(479.22) A-76 | ||
| 100 |
_aАпакидзе, А. _918362 |
||
| 245 |
_aГорода древней Грузии = ქალაქები ძველ საქართველოში / _cА. Апакидзе. |
||
| 264 |
_aТбилиси : _b Мецниереба, _c1968. |
||
| 300 |
_a296 стр.: _b ил.; _c22 см. |
||
| 653 | _aსაქართველოს ქალაქების ისტორია | ||
| 653 | _aსამოქალაქო ცხოვრება საქართველოში. | ||
| 653 | _aარქეოლოგიური გათხრები საქართველოში. | ||
| 653 | _aქართველების წეს-ჩვეულებები | ||
| 942 |
_2udc _cᲬᲘᲒᲜᲘ |
||